| 000 | 00962nam0a22002771 4500 | ||
|---|---|---|---|
| 001 | v19\rc\1822340 | ||
| 005 | 20250619133557.0 | ||
| 035 | _a(NLR Aleph) 004919936 | ||
| 090 |
_a5567317 _c5567317 |
||
| 100 | _a20071224d1907 |||y0rusy50 ca | ||
| 101 | 0 | _arus | |
| 102 | _aRU | ||
| 105 | _ay z ||||| | ||
| 200 | 1 |
_aЗа правду _e[О полит. партиях в 1905-07 гг. _eПризыв голосовать за Союз рус. народа] |
|
| 210 |
_aКазань _cТипо-лит. И.С. Перова _d[1907] |
||
| 215 |
_a8 с. _d25 |
||
| 300 | _aАвт. указан в конце текста | ||
| 309 | _aБез тит. л. и обл. | ||
| 700 | 1 |
_aРисположенский _bР.В. _gРафаил Васильевич |
|
| 712 | 0 | 2 | _aСоюз русского народа |
| 801 | 0 |
_aRU _bNLR _gpsbo |
|
| 801 | 0 |
_aRU _bRuMoRGB _2psbo |
|
| 801 | 1 |
_aRU _bProSoft-M _2rusmarc |
|
| 852 |
_aNLR _j34.85.5.453 |
||
| 942 | _cBOOK | ||
| 980 | _aNB | ||